Statistics for J.K. Simmons Filmography

Click here to take the quiz!

General Stats

  • This quiz has been taken 93 times
    (10 since last reset)
  • The average score is 68 of 254

Answer Stats

TypeYearName% Correct
Film2002Spider-Man
100%
Film2004Spider-Man 2
88%
Video Game2007Spider-Man 3
88%
Film2007Spider-Man 3
88%
Film2014Whiplash
88%
Short Film2013Whiplash
88%
Film2016La La Land
75%
Web Series2021-PresentInvincible
63%
Film2019Klaus
63%
Film2019Spider-Man: Far from Home
63%
Film2021Spider-Man: No Way Home
63%
TV Show2015-2016Gravity Falls
50%
Film2010Megamind
50%
Film2023Spider-Man: Across the Spider-Verse
50%
TV Show2012-2014The Legend of Korra
50%
Video Game2014The Legend of Korra
50%
Film2016Zootopia
50%
TV Film20043: The Dale Earnhardt Story
38%
TV Show2007-2019American Dad!
38%
Film2021Being the Ricardos
38%
Web Mini-Series2020Defending Jacob
38%
Commercial2010-PresentFarmers Insurance Group
38%
TV Short2018Farmers Insurance: Vengeful Vermin
38%
TV Show2010-2013Generator Rex
38%
Web Series2021Infinity Train
38%
Film2007Juno
38%
Film2017Justice League
38%
Film2016Kung Fu Panda 3
38%
Commercial1998-2019M&M's
38%
TV Show1996M&M's
38%
Film2022Marmaduke
38%
Video Game2023Mortal Kombat 1
38%
Video Game2011Portal 2
38%
TV Show2011, 2014, 2018Robot Chicken
38%
TV Show1999, 2015Saturday Night Live
38%
Film2016The Accountant
38%
TV Show2006-2019The Simpsons
38%
Film2021The Tomorrow War
38%
Film2021Venom: Let There Be Carnage
38%
Film201921 Bridges
25%
Film20193 Days with Dad
25%
Film20133 Geezers!
25%
Documentary20104192: The Crowning of the Hit King
25%
Film2010A Beginner's Guide to Endings
25%
Film1998Above Freezing
25%
Film2018A Boy Called Sailboat
25%
Theater1990A Change in the Heir
25%
Film2012Adventure Planet
25%
Film2009Aliens in the Attic
25%
TV Show1987All My Children
25%
Film2017All Nighter
25%
Film2010An Invisible Sign
25%
Theater1989-1990Annie 2: Miss Hannigan's Revenge
25%
Film2015April and the Extraordinary World
25%
TV Show2016Archer
25%
TV Show2005Arrested Development
25%
Film2000Autumn in New York
25%
Film2014Ava & Lala
25%
TV Show2013-2015Avengers Assemble
25%
Video Game2023Baldur's Gate III
25%
Film2014Barefoot
25%
TV Show2010Batman: The Brave and the Bold
25%
TV Show2008Ben 10: Alien Force
25%
TV Show2010Ben 10: Ultimate Alien
25%
TV Show2012Best Friends Forever
25%
Theater1987Birds of Paradise
25%
Short Film2011Blackstone
25%
Web Series2014-2020BoJack Horseman
25%
Film2014Break Point
25%
TV Show2019Brockmire
25%
TV Show2020Brooklyn Nine-Nine
25%
Film2008Burn After Reading
25%
TV Film2007Bury My Heart at Wounded Knee
25%
Film2010Cats & Dogs: The Revenge of Kitty Galore
25%
Film1998Celebrity
25%
Film2022Chip 'n' Dale: Rescue Rangers
25%
TV Show2014Chozen
25%
Video Game2008Command & Conquer: Red Alert 3
25%
Film2012Contraband
25%
Documentary Mini-Series2020Coronavirus, Explained
25%
TV Show2017-2019Counterpart
25%
Film2010Crazy on the Outside
25%
Film1997Crossing Fields
25%
Theater1988Dandy Dick
25%
Film2013Dark Skies
25%
Theater1994Das Barbecü
25%
TV Show2011Desert Car Kings
25%
Short Film2004Disposal
25%
TV Show2004ER
25%
TV Show2003Everwood
25%
Film2009Extract
25%
Film1996Extreme Measures
25%
TV Film1997Face Down
25%
TV Show2013Family Tools
25%
Short Film2019Fanboy
25%
Film2017Father Figures
25%
Film2006First Snow
25%
Film1999For Love of the Game
25%
Video Game2011Generator Rex: Agent of Providence
25%
Film2021Ghostbusters: Afterlife
25%
Film2022Glorious
25%
Web Series2021Goliath
25%
TV Show2014Growing Up Fisher
25%
Theater1992-1995Guys and Dolls
25%
Film2005Harsh Times
25%
Film2004Hidalgo
25%
Film1999Hit and Runway
25%
Web Mini-Series2020Home Movie: The Princess Bride
25%
TV Show1996Homicide: Life on the Street
25%
TV Show2013-2015Hulk and the Agents of S.M.A.S.H.
25%
Short Film1999I Lost My M in Vegas
25%
Film2009I Love You, Man
25%
Film2017I'm Not Here
25%
TV Show2005Jack & Bobby
25%
Film2009Jennifer's Body
25%
Film2013Jobs
25%
TV Show2003John Doe
25%
TV Show2004-2006Justice League Unlimited
25%
TV Show2007Kim Possible
25%
Film2013Labor Day
25%
TV FilmTBALate Night Discovery
25%
Theater1993-1994, 1995-1996Laughter on the 23rd Floor
25%
TV Show1994-2010Law & Order
25%
TV Show2002Law & Order: Criminal Intent
25%
TV Show2000-2001Law & Order: Special Victims Unit
25%
Video Game2015Lego Dimensions
25%
Web Mini-Series2013Lego Marvel Superheroes: Maximum Overload
25%
Film2023Little Brother
25%
Film1997Love Walked In
25%
TV Show2015Major Lazer
25%
Video Game2000M&M's: The Lost Formulas
25%
TV Show2012-2014Men at Work
25%
Film2014Men, Women & Children
25%
Film2014Murder of a Cat
25%
Film2021National Champions
25%
Film2009New in Town
25%
TV Show1995New York News
25%
TV Show1996, 1998New York Undercover
25%
Web Series2022Night Sky
25%
TV Show2004Nip/Tuck
25%
TV Show2011NTSF:SD:SUV::
25%
TV Show2005NUMB3RS
25%
Film2003Off the Map
25%
Film2023One Day as a Lion
25%
TV Show1997-2003Oz
25%
Film2020Palm Springs
25%
TV Show2013Parks and Recreation
25%
TV Show2009, 2010Party Down
25%
TV Film2002Path to War
25%
Film2016Patriots Day
25%
Theater1991-1992Peter Pan
25%
TV Show2008, 2014, 2015Phineas and Ferb
25%
Film2005Pom Poko
25%
TV Film1986Popeye Doyle
25%
Film2007Postal
25%
Film2009Post Grad
25%
TV Show2011, 2013Pound Puppies
25%
Film2016Punching Henry
25%
TV Show2003Queens Supreme
25%
TV Show2011Raising Hope
25%
Film2023Rally Road Racers
25%
Film2024Red One
25%
Film2009Red Sands
25%
TV Show1998Remember WENN
25%
Film2007Rendition
25%
Film2017Renegades
25%
Film2021Ride the Eagle
25%
Film2016Rock Dog
25%
Film2017Rock Dog
25%
Film2021Seal Team
25%
TV Show1997Spin City
25%
TV Show2017SpongeBob SquarePants
25%
TV Show2017SpongeBob SquarePants
25%
TV Show2017SuperMansion
25%
TV Show1996Swift Justice
25%
Film2015Terminator Genisys
25%
Film2005Thank You for Smoking
25%
TV Show1995The Adventures of Pete & Pete
25%
Film2006The Astronaut Farmer
25%
TV Show2012The Avengers: Earth's Mightiest Heroes
25%
Film2017The Bachelors
25%
Short Film2017The Black Ghiandola
25%
Film2014The Boxcar Children
25%
Film2018The Boxcar Children - Surprise Island
25%
Film1999The Cider House Rules
25%
TV Show2005-2012The Closer
25%
TV Show2004The D.A.
25%
Web Series2019-PresentThe Daily Bugle
25%
Film1996The First Wives Club
25%
Film2018The Front Runner
25%
Film2000The Gift
25%
Film2011The Good Doctor
25%
TV Show2021The Great North
25%
Film1997The Jackal
25%
Short Film2015The Jay Z Story
25%
TV Show2004The Jury
25%
Film2004The Ladykillers
25%
Film2016The Late Bloomer
25%
TV Show2010The Life & Times of Tim
25%
Short Film2013The Magic Bracelet
25%
TV Show2009The Marvelous Misadventures of Flapjack
25%
Film2015The Meddler
25%
Film2001The Mexican
25%
Film2011The Music Never Stopped
25%
Film1994The Ref
25%
Film2014The Rewrite
25%
Film1994The Scout
25%
Film2017The Snowman
25%
Web Mini-Series2020The Stand
25%
Film2024The Union
25%
TV Show2012The Venture Bros.
25%
Film2023The Venture Bros.: Radiant Is the Blood of the Baboon Heart
25%
Film2009The Vicious Kind
25%
Film2009The Way of War
25%
TV Show2006The West Wing
25%
Film2012The Words
25%
TV Show2000Third Watch
25%
Film2010True Grit
25%
TV Show2012-2015Ultimate Spider-Man
25%
Film2009Up in the Air
25%
TV Show2019Veronica Mars
25%
Web Mini-Series2015What Lives Inside
25%
TV Show2004Without a Trace
25%
Film2015Worlds Apart
25%
FilmTBAYou Can't Run Forever
25%
Film2011Young Adult
25%
Documentary Series2008American Experience
13%
FilmTBABatgirl
13%
Film2000Beautiful Joe
13%
TV Pilot2002Homeward Bound
13%
Web Special2023Invincible: Atom Eve
13%
Web Series2017-2019No Activity
13%
Short FilmTBASpaceman
13%
Short Film2013The Healer
13%
Podcast2023The Novelizers with Andy Richter
13%
TV Film2021Zack Snyder's Justice League
13%
Video Game2022Adventure Desk Job
0%
TV Documentary2013A Penguin's Life
0%
Short Film2015Between Two Urns: J.K. Simmons
0%
Documentary Series2017Breakthrough
0%
Commercial2002Century 21
0%
TV Film2012Cops Uncuffed
0%
TV Documentary2018Detroit: Comeback City
0%
Documentary2018Drug$
0%
Documentary Series2019Explained
0%
TV Show1992Great Performances
0%
Short Film2009Jewno
0%
TV Mini-Series2020NASCAR All In: Battle for Daytona
0%
DocumentaryTBAProphets of Change
0%
TV Show2015The Amazing World of Gumball
0%
Short Film2004The Floor
0%
TV Short2013The Legend of Korra: The Re-Telling of Korra's Journey
0%
Documentary Series2005Timeless
0%
Documentary2014Wild Hawaii
0%

Score Distribution

Percentile by Number Answered

Percent of People with Each Score

Your Score History

You have not taken this quiz since the last reset